000 00918pab a2200157 454500
008 180718b1999 xxu||||| |||| 00| 0 eng d
100 _aOquist, Paul
245 _aEthics and integrity for developing democratic governance capability
260 _c1999
300 _ap.125-33
362 _aJul-Dec
520 _aThis reflective essay argues that the synergistic combination of anti-corruption and ethics, and integrity improvement, oversight and citizen participation actions can facilitate transparency, accountability and responsiveness as part of democratic governance capacity building. International learning experiences are an important source of information and analysis for countries undertaking programmes in this area in order to meet the ethics and integrity challenges of the twenty-first century. - Reproduced
650 _aPublic administration
773 _aJournal of Human Values
909 _a44786
999 _c44786
_d44786